Invertir para innovar / (Record no. 41035)

MARC details
000 -LEADER
campo de control de longitud fija 00597nam a2200193 i 4500
001 - NÚMERO DE CONTROL
campo de control 41035
003 - IDENTIFICADOR DE NÚMERO DE CONTROL
campo de control ES-MaACL
005 - FECHA Y HORA DE LA ÚLTIMA TRANSACCIÓN
campo de control 20250910213915.0
007 - CAMPO FIJO DE DESCRIPCIÓN FÍSICA--INFORMACIÓN GENERAL
campo de control de longitud fija t|
008 - DATOS DE LONGITUD FIJA--INFORMACIÓN GENERAL
campo de control de longitud fija 030307s1963 sp ||||1| spa d
100 1# - ENTRADA PRINCIPAL--NOMBRE DE PERSONA
Nombre de persona Carter, C. F.
9 (RLIN) 35880
245 10 - MENCIÓN DEL TÍTULO
Título Invertir para innovar /
Mención de responsabilidad, etc. C.F. Carter, B.R. Williams ; [traducción de Victor Suarez de Zabala].
260 ## - PUBLICACIÓN, DISTRIBUCIÓN, ETC.
Lugar de publicación, distribución, etc. Madrid :
Nombre del editor, distribuidor, etc. Rialp,
Fecha de publicación, distribución, etc. 1963.
300 ## - DESCRIPCIÓN FÍSICA
Extensión 171 p. ;
Dimensiones 25 cm.
700 1# - ENTRADA AGREGADA--NOMBRE PERSONAL
Nombre de persona Williams, B. R.
9 (RLIN) 116909
700 1# - ENTRADA AGREGADA--NOMBRE PERSONAL
Nombre de persona Sánchez de Zavala, Víctor,
Fechas asociadas al nombre 1926-1996
9 (RLIN) 102601
852 ## - LOCALIZACIÓN
Ubicación ES-MaACL
Número de control de estantería C-22834
Sublocalización o colección R.51338
Holdings
Estatus retirado Estado de pérdida Estado de daño No para préstamo Biblioteca de origen Biblioteca actual Ubicación en estantería Fecha de adquisición Fuente de adquisición Total de préstamos Signatura topográfica completa Código de barras Visto por última vez Precio de reemplazo Tipo de ítem Koha
        Biblioteca del Ateneo de Madrid Biblioteca del Ateneo de Madrid Depósito 2 17/01/2008     C-22834 1043203 23/02/2023 23/02/2023 Libro impreso